000 00916cab a2200217 4500
001 E2696
008 090401t1996 xxu||||| |||| 00| 0 eng d
035 _a(Sirsi) u40562
041 _aeng
245 _aHill v Wildfowl Trust (Holdings) Ltd
260 _c1996
350 _a0
490 _aScots Law Times
_v1996 SLT(Sh Ct) 46-50(5)
520 _aSheriff Court of South Strathclyde, Dumfries and Galloway at Dumfries. Sheriff K G Barr. 27 March 1995. Landlord and tenant - agricultural holding - arbitration - dispute as to quantum damages - jurisdiction of arbiter under statutory reference.
650 _aAGRICULTURAL HOLDINGS (SCOTLAND) ACT 1991
650 _aMANAGEMENT-DISPUTE AVOIDANCE, MANAGEMENT AND RESOLUTION-DISPUTE MANAGEMENT AND RESOLUTION-ARBITRATION
650 _aARGRICULTURAL ARBITER
690 _aLANDLORD AND TENANT-CASE LAW-AGRICULTURAL TENANCIES
942 _n0
948 _c04/03/1997
999 _c25982
_d25982